Asian Defence Journal (Record no. 146912)

MARC details
000 -LEADER
fixed length control field 00567nam a2200229 i 4500
001 - CONTROL NUMBER
control field C2-0226657
003 - CONTROL NUMBER IDENTIFIER
control field PPAK
005 - DATE AND TIME OF LATEST TRANSACTION
control field 20180728154332.0
008 - FIXED-LENGTH DATA ELEMENTS--GENERAL INFORMATION
fixed length control field 000628s xx |||| ||||| | eng d
022 ## - INTERNATIONAL STANDARD SERIAL NUMBER
International Standard Serial Number 0126-6403
040 ## - CATALOGING SOURCE
Original cataloging agency PPAK
Language of cataloging eng
Transcribing agency PPAK
Description conventions rda
082 04 - DEWEY DECIMAL CLASSIFICATION NUMBER
Classification number 335.005
Edition number 23
090 00 - LOCALLY ASSIGNED LC-TYPE CALL NUMBER (OCLC); LOCAL CALL NUMBER (RLIN)
Classification number (OCLC) (R) ; Classification number, CALL (RLIN) (NR) 335.005
Feature heading ASI
Feature heading R
245 00 - TITLE STATEMENT
Title Asian Defence Journal
264 #1 - PRODUCTION, PUBLICATION, DISTRIBUTION, MANUFACTURE, AND COPYRIGHT NOTICE
Date of production, publication, distribution, manufacture, or copyright notice July - Dec 1997
300 ## - PHYSICAL DESCRIPTION
Extent multiple pages
336 ## - CONTENT TYPE
Source rdacontent
Content type term text
337 ## - MEDIA TYPE
Source rdamedia
Media type term unmediated
338 ## - CARRIER TYPE
Source rdacarrier
Carrier type term volume
650 10 - SUBJECT ADDED ENTRY--TOPICAL TERM
Topical term or geographic name entry element Defence - periodical
942 ## - ADDED ENTRY ELEMENTS (KOHA)
-- dc
Koha item type Book
Holdings
Withdrawn Not for loan Current library Shelving location Date acquired Full call number Barcode Date last seen Koha item type
  Not For Loan Perpustakaan Baling Rujukan Dewasa 01/04/2007 R 335.005 ASI A00600037 12/07/2018 Serial
  Not For Loan Perpustakaan Baling Rujukan Dewasa 02/04/2007 R 335.005 ASI A00600054 12/07/2018 Book
  Not For Loan Perpustakaan Baling Rujukan Dewasa 02/04/2007 R 335.005 ASI A00600062 12/07/2018 Book
  Not For Loan Perpustakaan Baling Rujukan Dewasa 23/04/2007 R 335.005 ASI A00600150 12/07/2018 Book
  Not For Loan Perpustakaan Kulim Rujukan Dewasa 24/04/2004 R 335.005 ASI A00344929 12/07/2018 Serial
  Not For Loan Perpustakaan Kulim Rujukan Dewasa 24/04/2004 R 335.005 ASI A00344928 12/07/2018 Serial
  Not For Loan Perpustakaan Kulim Rujukan Dewasa 24/04/2004 R 335.005 ASI A00344930 12/07/2018 Serial